|
|
|
|
| LEADER |
01691nam a2200469 a 4500 |
| 001 |
000578960 |
| 003 |
CZ BrMZK |
| 005 |
20130319103122.0 |
| 007 |
ta |
| 008 |
011121s2001 xr e cze d |
| 015 |
|
|
|a cnb001033825
|
| 020 |
|
|
|a 80-7075-470-2
|
| 035 |
|
|
|a (OCoLC)50345752
|
| 040 |
|
|
|a BOA001
|b cze
|
| 043 |
|
|
|a e-xr---
|
| 072 |
|
7 |
|a 55
|x Vědy o Zemi. Geologické vědy
|2 Konspekt
|9 7
|
| 080 |
|
|
|a 551.735
|2 MRF
|
| 080 |
|
|
|a 551.736
|2 MRF
|
| 080 |
|
|
|a 553
|2 MRF
|
| 080 |
|
|
|a 551.7
|2 MRF
|
| 080 |
|
|
|a 56.072
|2 MRF
|
| 080 |
|
|
|a 551.73
|2 MRF
|
| 080 |
|
|
|a (437.3)
|2 MRF
|
| 080 |
|
|
|a (048.8)
|2 MRF
|
| 245 |
0 |
0 |
|a Geologie a ložiska svrchnopaleozoických limnických pánví České republiky /
|c Vlastimil Holub, Jiří Pešek ... [et al.]
|
| 250 |
|
|
|a Vyd. 1.
|
| 260 |
|
|
|a Praha :
|b Český geologický ústav,
|c 2001
|
| 300 |
|
|
|a 243 s., LIX s. obr. příl. :
|b il., mapy ;
|c 29 cm +
|e 23 map různých rozměrů
|
| 504 |
|
|
|a Obsahuje bibliografii a rejstřík
|
| 650 |
0 |
7 |
|a fosilie
|7 ph116775
|z Česko
|2 czenas
|
| 650 |
0 |
7 |
|a prvohory
|7 ph117278
|2 czenas
|
| 650 |
0 |
7 |
|a karbon
|7 ph117474
|2 czenas
|
| 650 |
0 |
7 |
|a perm
|7 ph117508
|2 czenas
|
| 650 |
0 |
7 |
|a ložisková geologie
|7 ph122458
|z Česko
|2 czenas
|
| 650 |
0 |
7 |
|a historická geologie
|7 ph114666
|z Česko
|2 czenas
|
| 655 |
|
7 |
|a monografie
|7 fd132842
|2 czenas
|
| 700 |
1 |
|
|a Holub, Vlastimil
|4 aut
|
| 700 |
1 |
|
|a Pešek, Jiří,
|d 1936-
|7 jk01092639
|4 aut
|
| 910 |
|
|
|a BOA001
|b 3-1094.341
|
| 990 |
|
|
|a BK
|
| 996 |
6 |
|
|b 2610148793
|c 3-1094.341
|l MZK
|r Sklad / do 1 hodiny
|n 0
|p p.v.
|w 000578960
|u 000010
|a 1
|e BOA001
|j MZK50
|s P
|
| 996 |
7 |
|
|b 2610148794
|c 3-1094.341
|l MZK
|r Sklad / do 1 hodiny
|n 16
|p kup
|w 000578960
|u 000020
|a 1
|e BOA001
|j MZK50
|s A
|